Planting seeds and watching them grow (Registro nro. 69371)
[ vista simple ]
| 000 -LÍDER | |
|---|---|
| Campo fijo de descripción fija | 01046nab a2200193 i 4500 |
| 001 - NÚMERO DE CONTROL | |
| Campo de control | 768714001 |
| 003 - IDENTIFICADOR DEL NÚMERO DE CONTROL | |
| Campo de control | CO-MdFUSB |
| 005 - FECHA Y HORA DE LA ULTIMA TRANSACCIÓN | |
| control field | 20240426092428.0 |
| 008 - ELEMENTOS DE LONGITUD FIJA -- INFORMACIÓN GENERAL | |
| Campo fijo de descripción fija -- Información general | 240425t1980 us ||||| |||| 00| 0 eng d |
| 040 ## - FUENTE DE CATALOGACIÓN | |
| Idioma de catalogación | spa |
| Agencia que realiza la transcripción | CO-MdFUSB |
| Agencia que realiza la modificación | CO-MdFUSB |
| 041 ## - CÓDIGO DE IDIOMA | |
| Código de idioma para texto/pista de sonido o título separado | eng |
| 100 ## - ASIENTO PRINCIPAL--NOMBRE PERSONAL | |
| Nombre personal | Halverson, Richard C. |
| Término relacionador | autor |
| 245 ## - TÍTULO | |
| Título | Planting seeds and watching them grow |
| Mención de responsabilidad | / Richard C. Halverson |
| 300 ## - DESCRIPCIÓN FÍSICA | |
| Extensión | Volumen 1, número 4 (fall, 1980), páginas: 12 - 23 |
| Dimensiones | ; 27 cm |
| 520 ## - NOTA DE RESUMEN, ETC. | |
| Nota de sumario, etc. | Entrevista al Dr. Richard Halverson,, en la cual explica la importancia de "plantar semillas y verlas crecer". Además, resalta que en sus años en la Cuarta Iglesia Presbiteriana en Washington, D.C., lo han convencid de que el cuidado pastoral proviene de estar con la gente. Este querido pastor cuenta lo que significa para su ministerio estar con la gente.<br/> |
| 650 #7 - ASIENTO SECUNDARIO DE MATERIA - TERMINO TEMÁTICO | |
| Término temático o nombre geográfico como elemento de entrada | Teología pastoral y unidad cristiana |
| 9 (RLIN) | 7183 |
| 773 0# - ASIENTO DE ITEM FUENTE | |
| Biblionumber | 68780 |
| Itemnumber | 82546 |
| Otro identificador del ítem | R2480 |
| Título | Leadership : |
| Número de control del registro | (CO-MdFUSB)768714001 |
| Parte(s) relacionada(s) / Volumen., número. (mes año), páginas | Volumen 1, número 4 (fall, 1980), páginas: 12 - 23 |
| Enumeración y primera página | página: 12 |
| 942 ## - TIPO DE MATERIAL (KOHA) | |
| Tipo de Item KOHA | Artículos de Revista |
No hay ítems disponibles.
